Statistics for Premier League XIs 2008-09

Click here to take the quiz!

General Stats

  • This quiz has been taken 109 times
  • The average score is 64 of 220

Answer Stats

PositionAnswer% Correct
STWayne RooneyManchester United
88%
DFAshley ColeChelsea
86%
STCarlton ColeWest Ham United
86%
MFFrank LampardChelsea
84%
DFJohn TerryChelsea
84%
GKPetr ČechChelsea
84%
MFCristiano RonaldoManchester United
81%
DFAnton FerdinandSunderland
77%
DFNemanja VidicManchester United
77%
GKPepe ReinaLiverpool
77%
DFRio FerdinandManchester United
77%
STRobin Van PersieArsenal
77%
MFSteven GerrardLiverpool
77%
GKEdwin van der SarManchester United
74%
STFernando TorresLiverpool
74%
MFPhil NevilleEverton
74%
DFJamie CarragherLiverpool
70%
STNicolas AnelkaChelsea
70%
MFCesc FabregasArsenal
67%
DFGael ClichyArsenal
67%
GKJoe HartManchester City
67%
DFPatrice EvraManchester United
67%
STJermain DefoePortsmouth
65%
GKManuel AlmuniaArsenal
65%
MFMichael CarrickManchester United
65%
GKDavid JamesPortsmouth
63%
STDimitar BerbatovManchester United
63%
DFGary CahillBolton Wanderers
63%
STPeter CrouchPortsmouth
63%
MFSamir NasriArsenal
63%
STTim CahillEverton
63%
DFBacary SagnaArsenal
60%
MFFlorent MaloudaChelsea
60%
DFMicah RichardsManchester City
60%
STEmmanuel AdebayorArsenal
58%
DFKolo ToureArsenal
58%
GKTim HowardEverton
58%
STAndrew JohnsonFulham
56%
DFGlen JohnsonPortsmouth
56%
DFWilliam GallasArsenal
56%
MFDarren FletcherManchester United
53%
MFDirk KuytLiverpool
53%
MFJi-Sung ParkManchester United
53%
DFPablo ZabaletaManchester City
53%
MFShaun Wright-PhillipsManchester City
53%
DFVincent KompanyManchester City
53%
MFXabi AlonsoLiverpool
53%
MFAshley YoungAston Villa
51%
MFGareth BarryAston Villa
51%
MFJohn Obi MikelChelsea
51%
STKenwyne JonesSunderland
51%
DFLuke YoungAston Villa
51%
STRobinhoManchester City
51%
MFMichael BallackChelsea
49%
DFSol CampbellPortsmouth
49%
STDarren BentTottenham Hotspur
47%
DFMartin ŠkrtelLiverpool
47%
MFJavier MascheranoLiverpool
44%
DFLeighton BainesEverton
44%
GKBrad FriedelAston Villa
42%
MFJohn O'SheaManchester United
42%
GKShay GivenNewcastle United
42%
DFAlexChelsea
40%
DFCurtis DaviesAston Villa
40%
STKevin DaviesBolton Wanderers
40%
MFLuka ModricTottenham Hotspur
40%
STMichael OwenNewcastle United
40%
MFMikel ArtetaEverton
40%
MFSimon DaviesFulham
40%
MFClint DempseyFulham
37%
STGabriel AgbonlahorAston Villa
37%
GKHeurelho GomesTottenham Hotspur
37%
DFJoleon LescottEverton
37%
GKMark SchwarzerFulham
37%
DFAlvaro ArbeloaLiverpool
35%
STEmile HeskeyWigan Athletic
35%
MFLuis Antonio ValenciaWigan Athletic
35%
GKPaul RobinsonBlackburn Rovers
35%
DFPaul RobinsonWest Bromwich Albion
35%
DFJose BosingwaChelsea
33%
MFMark NobleWest Ham United
33%
DFPhil JagielkaEverton
33%
DFRyan ShawcrossStoke City
33%
MFStewart DowningMiddlesbrough
33%
DFLedley KingTottenham Hotspur
30%
STMarlon KingHull City
30%
MFMarouane FellainiEverton
30%
GKRob GreenWest Ham United
30%
MFAaron LennonTottenham Hotspur
28%
DFAndrew TaylorMiddlesbrough
28%
DFAndy DawsonHull City
28%
MFDavid DunnBlackburn Rovers
28%
GKJussi JaaskelainenBolton Wanderers
28%
MFLeon OsmanEverton
28%
MFMatthew TaylorBolton Wanderers
28%
DFSteven TaylorNewcastle United
28%
GKThomas SorensenStoke City
28%
DFAaron HughesFulham
26%
MFAlex SongArsenal
26%
MFNigel de JongManchester City
26%
MFRichard HughesPortsmouth
26%
MFScott ParkerWest Ham United
26%
STBenni McCarthyBlackburn Rovers
23%
MFDecoChelsea
23%
STDjibril CisseSunderland
23%
MFElanoManchester City
23%
MFMorten Gamst PedersenBlackburn Rovers
23%
DFRichard DunneManchester City
23%
STRoque Santa CruzBlackburn Rovers
23%
MFRory DelapStoke City
23%
MFSean DavisPortsmouth
23%
MFStephen IrelandManchester City
23%
DFBenoit Assou-EkottoTottenham Hotspur
21%
STBobby ZamoraFulham
21%
DFFabio AurelioLiverpool
21%
STJason RobertsBlackburn Rovers
21%
STJohn CarewAston Villa
21%
MFKevin NolanBolton Wanderers
21%
DFSylvain DistinPortsmouth
21%
MFAndy ReidSunderland
19%
GKBoaz MyhillHull City
19%
DFBrede HangelandFulham
19%
MFDamien DuffNewcastle United
19%
MFDanny MurphyFulham
19%
MFGeorge BoatengHull City
19%
DFJose EnriqueNewcastle United
19%
MFKieran RichardsonSunderland
19%
DFMatthew UpsonWest Ham United
19%
GKScott CarsonWest Bromwich Albion
19%
MFStiliyan PetrovAston Villa
19%
GKChris KirklandWigan Athletic
16%
DFChristopher SambaBlackburn Rovers
16%
DFJoseph YoboEverton
16%
DFPaul KoncheskyFulham
16%
DFRobert HuthMiddlesbrough
16%
MFSteven PienaarEverton
16%
DFEmmerson BoyceWigan Athletic
14%
DFFabricio ColocciniNewcastle United
14%
MFJames MorrisonWest Bromwich Albion
14%
MFJermaine JenasTottenham Hotspur
14%
DFJonathan WoodgateTottenham Hotspur
14%
DFMaynor FigueroaWigan Athletic
14%
MFPaul ScharnerWigan Athletic
14%
DFTitus BrambleWigan Athletic
14%
MFZoltan GeraFulham
14%
DFAndy O'BrienBolton Wanderers
12%
DFAndy WilkinsonStoke City
12%
MFBrett EmertonBlackburn Rovers
12%
MFChris BruntWest Bromwich Albion
12%
MFDavid BentleyTottenham Hotspur
12%
MFGeovanniHull City
12%
MFGlenn WhelanStoke City
12%
STJohan ElmanderBolton Wanderers
12%
DFJonas OlssonWest Bromwich Albion
12%
MFLee CattermoleWigan Athletic
12%
DFLucas NeillWest Ham United
12%
DFMartin LaursenAston Villa
12%
MFNigel Reo-CokerAston Villa
12%
DFPhil BardsleySunderland
12%
DFRyan NelsenBlackburn Rovers
12%
DFVedran CorlukaTottenham Hotspur
12%
MFWilson PalaciosWigan Athletic
12%
STAfonso AlvesMiddlesbrough
9%
MFAlbert RieraLiverpool
9%
DFCarlos CuellarAston Villa
9%
DFDanny CollinsSunderland
9%
DFDavid WheaterMiddlesbrough
9%
MFDenilsonArsenal
9%
MFFabrice MuambaBolton Wanderers
9%
MFGary O'NeilMiddlesbrough
9%
DFHermann HreiðarssonPortsmouth
9%
DFJames CollinsWest Ham United
9%
DFJlloyd SamuelBolton Wanderers
9%
DFSabastien BassongNewcastle United
9%
DFSam RickettsHull City
9%
DFStephen WarnockBlackburn Rovers
9%
STAmr ZakiWigan Athletic
7%
MFJonás GutiérrezNewcastle United
7%
DFMario MelchiotWigan Athletic
7%
DFMichael TurnerHull City
7%
STRicardo FullerStoke City
7%
MFSalif DiaoStoke City
7%
DFAbdoulaye FayeStoke City
5%
DFDanny HigginbothamStoke City
5%
DFEmanuel PogatetzMiddlesbrough
5%
DFGavin McCannBolton Wanderers
5%
DFGretar Rafn SteinssonBolton Wanderers
5%
STJames BeattieStoke City
5%
STJeremie AliadiereMiddlesbrough
5%
MFLiam LawrenceStoke City
5%
DFNedum OnuohaManchester City
5%
STObafemi MartinsNewcastle United
5%
GKRoss TurnbullMiddlesbrough
5%
MFSteed MalbranqueSunderland
5%
MFTeemu TainioSunderland
5%
DFYounes KaboulPortsmouth
5%
DFAndre OoijerBlackburn Rovers
2%
STDaniel CousinHull City
2%
STDavid Di MicheleWest Ham United
2%
MFDidier ZokoraTottenham Hotspur
2%
DFGianni ZuiverloonWest Bromwich Albion
2%
DFHabib BeyeNewcastle United
2%
DFHerita IlungaWest Ham United
2%
MFIan AshbeeHull City
2%
MFJack CollisonWest Ham United
2%
DFJohn PaintsilFulham
2%
MFJonathan GreeningWest Bromwich Albion
2%
DFJustin HoyteMiddlesbrough
2%
DFKamil ZayatteHull City
2%
STMarc-Antoine FortuneWest Bromwich Albion
2%
MFRobert KorenWest Bromwich Albion
2%
STTuncayMiddlesbrough
2%
MFValon BehramiWest Ham United
2%
DFAbdoulaye MeiteWest Bromwich Albion
0%
MFBorja ValeroWest Bromwich Albion
0%
MFDanny GuthrieNewcastle United
0%
MFDean MarneyHull City
0%
MFDean WhiteheadSunderland
0%
GKMarton FulopSunderland
0%
MFNadir BelhadjPortsmouth
0%

Score Distribution

Percentile by Number Answered

Percent of People with Each Score

Your Score History

You have not taken this quiz